| 000 | 00565nam a2200205Ia 4500 | ||
|---|---|---|---|
| 008 | 200601s9999 xx 000 0 und d | ||
| 020 | _a0-380-00785-1 | ||
| 050 | _aREF JA 36 | ||
| 050 | _b.G74 1981 v.1 | ||
| 245 | 4 | _aThe Great political theories : | |
| 245 | 0 | _bfrom Plato and Aristotle to Locke and Motesquieu / | |
| 245 | 0 | _cedited, with introduction by Michael Curtis. | |
| 260 | _aNew York : | ||
| 260 | _bAvon Books. | ||
| 260 | _c1981 | ||
| 300 | _a461 pages : | ||
| 300 | _c18 cm. | ||
| 500 | _aIncludes index. | ||
| 650 | _aPolitical science. | ||
| 999 |
_c363367 _d363367 |
||